| 000 | 00457cam a2200181ua 4500 | ||
|---|---|---|---|
| 020 | _c28.00 | ||
| 041 |
_aeng _h |
||
| 082 |
_a720 _bMUS/EL |
||
| 100 | _aMuschenbeim, William . | ||
| 245 |
_aElements of the art of architecture / _cWilliam Muschenheim. _hTextual Documents |
||
| 250 |
_a1 / _b. |
||
| 260 |
_aLondon : _bThomes and Hudson , _c1964. |
||
| 300 | _a200 ; . | ||
| 365 | _a28.00 | ||
| 504 | _a | ||
| 942 | _cBK | ||
| 999 |
_c1653 _d1653 |
||